000 01192pam a2200289 a 4500
001 3959149
003 OSt
005 20240627100220.0
008 940309s1995 enkab b 001 0 eng
010 _a 94008970
020 _a052141931X (hardback)
020 _a0521429676 (pbk.)
040 _aDLC
_cMUST
_dDLC
082 0 0 _a333.7 GIL 1995
100 1 _aGilpin, Alan.
_918153
245 1 0 _aEnvironmental impact assessment (EIA) :
_bcutting edge for the twenty-first century /
_cAlan Gilpin.
260 _aCambridge ;
_aNew York :
_bCambridge University Press,
_c1995.
300 _axv, 182 p. :
_bill., maps ;
_c28 cm.
504 _aIncludes bibliographical references (p. 173-179) and index.
650 0 _aEnvironmental impact analysis.
_97449
650 0 _aEnvironmental impact analysis
_xCase studies.
_918154
856 4 2 _3Publisher description
_uhttp://www.loc.gov/catdir/description/cam026/94008970.html
856 4 1 _3Table of contents
_uhttp://www.loc.gov/catdir/toc/cam027/94008970.html
906 _a7
_bcbc
_corignew
_d1
_eocip
_f19
_gy-gencatlg
942 _2ddc
_cO_SHELF
999 _c8966
_d8966